| 000 | 00855nam a2200217Ia 4500 | ||
|---|---|---|---|
| 999 |
_c40251 _d40251 |
||
| 001 | 6859 | ||
| 003 | GE_BSU | ||
| 005 | 20230804164551.0 | ||
| 008 | 181216s1972||||ru |||||||||||||| ||rus|| | ||
| 040 | _cGE_BSU | ||
| 041 | _arus | ||
| 080 | _a543(075.8) А-47 | ||
| 100 |
_aАлексеев, В. Н. _919606 |
||
| 245 |
_aКоличественный анализ / _cВ. Н. Алексеев ; Под.ред.доктора хим.наук. П. К. Агасяна ; Ред. Л. Н.Овсяникова.. |
||
| 250 | _a4-е изд.перераб | ||
| 264 |
_aМосква : _bХимия, _c1972. |
||
| 300 |
_a504 стр. ; _c20 cm. _e24 табл. 76рис. список литературы 15 ссылок |
||
| 653 | _aКоличественный анализ | ||
| 700 |
_aОвсяникова, Л. Н. _cРедактор _919607 |
||
| 942 |
_cBK _2udc |
||